<?xml version="1.0" encoding="UTF-8"?>
<marc:record xmlns:marc="http://www.loc.gov/MARC21/slim">
   <marc:leader>00000nam a2200000 a 4500</marc:leader>
   <marc:datafield ind1="1" ind2=" " tag="100">
      <marc:subfield code="a">Scheffler, Ursel</marc:subfield>
      <marc:subfield code="4">aut</marc:subfield>
      <marc:subfield code="e">Verfasser/-in</marc:subfield>
   </marc:datafield>
   <marc:datafield ind1=" " ind2=" " tag="653">
      <marc:subfield code="a">Fabeln</marc:subfield>
   </marc:datafield>
   <marc:datafield ind1=" " ind2=" " tag="653">
      <marc:subfield code="a">Tiere</marc:subfield>
   </marc:datafield>
   <marc:datafield ind1="0" ind2="0" tag="245">
      <marc:subfield code="a">Die schönsten Tierfabeln</marc:subfield>
   </marc:datafield>
   <marc:datafield ind1=" " ind2="1" tag="264">
      <marc:subfield code="a">Hamburg</marc:subfield>
      <marc:subfield code="b">Audio Verlag</marc:subfield>
      <marc:subfield code="c">2017</marc:subfield>
   </marc:datafield>
   <marc:datafield ind1="1" ind2=" " tag="520">
      <marc:subfield code="a">Fabeln sind nicht nur »literarisches Urgestein«, sondern auch »Lebensweisheiten in der Nussschale«, wie Ursel Scheffler in ihrem Nachwort zur Geschichte der Fabel erzählt. Die beliebte Autorin hat eine reiche Sammlung der wichtigsten Fabeln aus aller Welt zusammengestellt und unterhaltsam nacherzählt. In mehr als 50 Geschichten erfahren wir nicht nur, warum der Rabe manchmal klüger ist als der schlaue Fuchs, sondern auch, was es mit so mancher Redewendung, wie zum Beispiel der vom »Wolf im Schafspelz«, auf sich hat. Die frischen Bilder von Hans-Günther Döring und der schön ausgestattete Leineneinband machen das Buch zu einem Klassiker für die ganze Familie!</marc:subfield>
   </marc:datafield>
   <marc:datafield ind1="3" ind2=" " tag="024">
      <marc:subfield code="a">3981394397</marc:subfield>
   </marc:datafield>
   <marc:datafield ind1=" " ind2=" " tag="041">
      <marc:subfield code="a">ger</marc:subfield>
   </marc:datafield>
</marc:record>
